| 000 | 00597nam a2200229 a 4500 | ||
|---|---|---|---|
| 999 |
_c11791 _d11791 |
||
| 001 | 11791 | ||
| 003 | BD-JhCC | ||
| 005 | 20201015085052.0 | ||
| 008 | 201014r2019 ii a|||| ||a| 000 0 eng d | ||
| 020 | _a9789383202812 | ||
| 035 | _a(BD-JhCC)11791 | ||
| 040 |
_aBD-JhCC _dBD-JhCC |
||
| 041 | _aeng | ||
| 082 |
_a507.8 _bSCI 2017 |
||
| 245 |
_a365 Science Experiments: _bSceince Was Never So Much Fun / |
||
| 260 |
_aIndia : _bOm Books International; _c2019. |
||
| 300 |
_a224 p. : _billus.; _c36 cm. |
||
| 490 | _a365 | ||
| 650 | _aScience--Experiments | ||
| 942 |
_2ddc _cBK |
||